000 00824nam a2200241Ia 4500
003 OSt
005 20220302114211.0
008 210716s2005 xx 000 0 und d
020 _a9780070601604
040 _cAIMIT LIBRARY
041 _aeng
082 _a658.001
_28
_bTHOC
100 _aThomas, Christopher R.
_922288
245 _aManagerial economics:
_bConcepts and applications /
_cBy Chirstopher R.Thomas and S. Charles Maurice.
250 _a8th ed.
260 _aNew Delhi :
_bTata McGraw Hill Publishing Company Ltd ,
_c2007 .
300 _axix,748p. ;
_c24 cm.
650 _aDemand Analysis.
_922289
650 _aProduction and Cost Analysis.
_922290
650 _aProfit Maximization in Various Market Structures.
_922291
700 _aMaurice, S.Charles.
_922292
942 _2ddc
_cBK
_e8th
_k658.001 THOC
999 _c202067
_d202067